书目信息 |
| 题名: |
摸不着门
|
|
| 作者: | 孔庆东 著 | |
| 分册: | ||
| 出版信息: | 上海 华东师范大学出版社 2009.05 |
|
| 页数: | 246页 | |
| 开本: | 23cm | |
| 丛书名: | 大夏书系·名家谈教育 | |
| 单 册: | ||
| 中图分类: | G4 | |
| 科图分类: | ||
| 主题词: | 教育--jiao yu--文集 | |
| 电子资源: | ||
| ISBN: | 978-7-5617-6961-4 | |
| 000 | 00908nam 2200265 450 | |
| 001 | 012009786232 | |
| 005 | 20090917083349.93 | |
| 010 | @a978-7-5617-6961-4@dCNY28.00 | |
| 100 | @a20090917d2009 em y0chiy0120 ea | |
| 101 | 0 | @achi |
| 102 | @aCN@b310000 | |
| 105 | @ay z 000yy | |
| 106 | @ar | |
| 200 | 1 | @a摸不着门@Amo bu zhe men@e孔庆东谈教育@f孔庆东著@Fkong qing dong zhu |
| 210 | @a上海@c华东师范大学出版社@d2009.05 | |
| 215 | @a246页@d23cm | |
| 225 | 2 | @a大夏书系·名家谈教育@Ada xia shu xi·ming jia tan jiao yu |
| 330 | @a本书主要内容包括:我现在怎样做老师,咋教育孩子,不要蒙住学生的眼睛,一场没有句号的辩论,怎样做个北大人等。 | |
| 410 | 0 | @12001 @a大夏书系·名家谈教育 |
| 517 | 1 | @a孔庆东谈教育@Akong qing dong tan jiao yu |
| 606 | 0 | @a教育@Ajiao yu@j文集 |
| 690 | @aG4@v4 | |
| 701 | 0 | @a孔庆东@Akong qing dong@4著 |
| 801 | 0 | @aCN@bQSSK@c20090917 |
| 905 | @b753007-11@dG4@eK760@f5 | |
| 摸不着门:孔庆东谈教育/孔庆东著.-上海:华东师范大学出版社,2009.05 |
| 246页;23cm.-(大夏书系·名家谈教育) |
| ISBN 978-7-5617-6961-4:CNY28.00 |
| 本书主要内容包括:我现在怎样做老师,咋教育孩子,不要蒙住学生的眼睛,一场没有句号的辩论,怎样做个北大人等。 |
| ● |
| 相关链接 |
|
|
|
正题名:摸不着门
索取号:G4/K760
 
预约/预借
| 序号 | 登录号 | 条形码 | 馆藏地/架位号 | 状态 | 备注 |
| 1 | 753007 | 207530073 | 社科库409/409社科库 120排4列5层/ [索取号:G4/K760] | 在馆 | |
| 2 | 753008 | 207530082 | 社科库409/309社科库 90排2列1层/ [索取号:G4/K760] | 在馆 | |
| 3 | 753009 | 207530091 | 社科二线422/422社科库 32排4列4层/ [索取号:G4/K760] | 在馆 | |
| 4 | 753010 | 207530108 | 社科库409/309社科库 90排2列1层/ [索取号:G4/K760] | 在馆 | |
| 5 | 753011 | 207530117 | 社科库409/409社科库 120排4列5层/ [索取号:G4/K760] | 在馆 |